000 02179nam0a2200373 4500
001 RU\NLR\BIBL_A\022704778
005 20260426080520.0
010 _a978-5-00208-180-6
_9500
021 _aRU
_bКН-П-25-071372
_9КН-П-25-6913
035 _a(NLR Aleph) 022704778
090 _a13696377
_c13696377
100 _a20260120d2025 u y0rusy50 ca
101 0 _arus
102 _aRU
105 _aa j 000yy
181 0 _ai
_b xxe
182 0 _an
200 1 _aВнедрение модели вовлечения детей дошкольного возраста в занятия физической культурой и спортом
_e(фокус-группа: центры раннего физического развития)
_eметодические рекомендации
_fС. В. Седоченко
_gФедеральное государственное бюджетное образовательное учреждение высшего образования "Воронежская государственная академия спорта" (ФГБОУ ВО "ВГАС)
203 _aТекст
_bвизуальный
_cнепосредственный
210 _aВоронеж
_cРитм
_d2025
215 _a89 c.
_cил., табл.
_d21
300 _aАвт. указан на обороте тит. с. в макете
320 _aБиблиогр.: с. 81–89 (52 назв.)
606 1 _aДошкольники
_jМетодические пособия
_xФизическое воспитание
_91157227
_3RU\NLR\AUTH\66462627
606 1 _aФизическая культура и спорт
_jМетодические пособия
_xПропаганда
_91153801
_3RU\NLR\AUTH\66460820
686 1 _aЧ511.05я8
686 1 _aЧ411.354я8
700 1 _aСедоченко
_bС. В.
_gСветлана Владимировна
712 0 2 _4570
_aВоронежская государственная академия спорта
_9823122
_3RU\NLR\AUTH\880578728
942 _cBOOK
980 _aNB